| 000 | 01432nam a2200241Ia 4500 | ||
|---|---|---|---|
| 003 | Ost | ||
| 005 | 20260416102356.0 | ||
| 008 | 260416s9999||||xx |||||||||||||| ||und|| | ||
| 040 | _cfsecg | ||
| 041 | _aara | ||
| 082 | _a510 | ||
| 100 |
_aإغلمان، بهية _eمؤلف |
||
| 245 | 0 |
_aدروس وأمثلة تطبيقية في مقياس رياضيات المؤسسة : _bمطبوعة علمية موجهة لطلبة السنة الثانية جذع مشترك / _c بهية إغلمان |
|
| 260 |
_aالجزائر _bجامعة الجزائر3: كلية العلوم الإقتصادية، العلوم التجارية وعلوم التسيير _c2021 |
||
| 300 |
_a128 ورقة _bايضاحات _c30 سم |
||
| 504 | _aمراجع ص.126 | ||
| 520 | _aمقدمة حول بحوث العمليات ، البرمجة الخطية ، صياغة برنامج خطي ، الطريقة البيانية لايجاد الحل الامثل و طريقة السمبلكس (الميسطة ) لايجاد الحل الأمثل و المتمثلة في الثنائية و تحليل الحساسية و مشاكل النقل . | ||
| 653 | _aالبرمجة الخطية | ||
| 653 | _aالرياضيات | ||
| 653 | _aبحوث العمليات | ||
| 710 |
_aجامعة الجزائر3: كلية العلوم الإقتصادية، العلوم التجارية وعلوم التسيير _eناشر علمي |
||
| 942 | _cHANDOUT | ||
| 999 |
_c41231 _d41231 |
||